| 000 | 00773nam a2200217 i 4500 | ||
|---|---|---|---|
| 001 | 22453 | ||
| 003 | ES-MaACL | ||
| 005 | 20250716052848.0 | ||
| 007 | t| | ||
| 008 | 021203s1967 mx ||||1| spa d | ||
| 100 | 0 |
_aDante Alighieri, _d1265-1321 _942657 |
|
| 245 | 1 | 3 |
_aLa divina comedia / _cpor Dante Alighieri ; traducción... por Cayetano Rosell ; anotada y con un prólogo... Juan Eugenio Hartzenbusch ; ilustrada por Gustavo Doré. |
| 250 | _aEd. bilingüe. | ||
| 260 |
_aMéxico : _bEditora Nacional, _c[1967] |
||
| 300 |
_a2 v. ; _c24 cm. |
||
| 700 | 1 |
_aRosell, Cayetano, _d1817-1883 _999681 |
|
| 700 | 1 |
_aHartzenbusch, Juan Eugenio, _d1806-1880 _962011 |
|
| 700 | 1 |
_aDoré, Gustave. _945388 |
|
| 852 |
_aES-MaACL _jE-9728-29 |
||
| 999 |
_c22453 _d22453 |
||